000 00625nam a2200181Ia 4500
003 GCL
008 140319s9999 xx 000 0 ara d
040 _aGCL /
_cGCL
082 0 4 _a152
_bن
100 1 _aصلاح الدين محمد ابوناهية
245 1 0 _aالتقويم القياسى النفسى والتربوى /
_cصلاح الدين محمد ابوناهية
260 _a[S.N] :
_bالتقويم والقياس النفسى والتربوى ،
_c1993
300 _a150
490 _a
650 0 4 _aعلم النفس التربوى
650 0 4 _aعلم النفس الفسيولوجى
942 _2ddc
_cBK
999 _c52981
_d52981